|
|
|
|
| LEADER |
00000nam a2200000 i 4500 |
| 001 |
DIGUNAU0130 |
| 003 |
NyNyDIG |
| 008 |
200707s2017 ck ob 000 0 spa d |
| 006 |
m o d |
| 007 |
cr ||||||||||| |
| 035 |
|
|
|a (OCoLC)1164806128
|
| 040 |
|
|
|a DGITA
|b eng
|e rda
|e pn
|c DGITA
|
| 020 |
|
|
|z 9789588869759
|
| 020 |
|
|
|z 9588869757
|
| 043 |
|
|
|a s-ck---
|
| 050 |
1 |
4 |
|a KG548 ebook
|
| 082 |
0 |
4 |
|a 342.8
|
| 100 |
1 |
|
|a Ferreyra, Raúl Gustavo,
|e author.
|
| 245 |
1 |
0 |
|a Manifiesto sobre el Estado constitucional :
|b reglas fundamentales sobre raigambre y justificación de la mancomunidad estatal /
|c Raúl Gustavo Ferreyra.
|
| 264 |
|
1 |
|a Medellín, Colombia :
|b Ediciones Unaula,
|c [2017]
|
| 300 |
|
|
|a 1 online resource.
|
| 336 |
|
|
|a text
|b txt
|2 rdacontent
|
| 337 |
|
|
|a computer
|b c
|2 rdamedia
|
| 338 |
|
|
|a online resource
|b cr
|2 rdacarrier
|
| 347 |
|
|
|a text file
|2 rdaft
|
| 347 |
|
|
|b PDF
|
| 490 |
1 |
|
|a Ius et respublica
|
| 504 |
|
|
|a Includes bibliographical references.
|
| 588 |
0 |
|
|a Online resource; title from PDF title page (Digitalia, viewed July 7, 2020)
|
| 650 |
|
0 |
|a Constitutional law
|z Latin America.
|
| 650 |
|
0 |
|a State, The.
|
| 655 |
|
0 |
|a Electronic books.
|
| 791 |
2 |
|
|a Digitalia (Firm),
|e distributor.
|
| 793 |
0 |
|
|g Digitalia eBook Collection:
|a Ediciones UNAULA
|
| 776 |
0 |
8 |
|i Print version:
|a Ferreyra, Raúl Gustavo.
|t Manifiesto sobre el Estado constitucional.
|b Primera edición.
|d Medellín : Ediciones Unaula, 2017
|z 9789588869759
|w (OCoLC)1038458400
|
| 830 |
|
0 |
|a Ius et respublica.
|
| 856 |
4 |
0 |
|3 Digitalia Hispánica
|u https://www.digitaliapublishing.com/a/49762/
|
| 910 |
|
|
|a Premium Collection: 2020
|